00503nam a2200181 a 4500001001300000003000900013005001700022008004100039020000800080082001300088100002500101245008000126260003600206300000900242500003500251505001000286700002500296nice12345678IN_TiNIC20260116012206.0050524s1917 lona grp 000 0 eng  ac000a228bSWE aSwete, Henry Barclay aApocalypse of St. Johnb the Greek Text With Lintroduction Notes & Indices. aLondonbMacmillan and Co.c1917 a338p aincludes index and biblioraphy2 aIndex1 aSwete, Henry Barclay